000 00926nam a22002897i 4500
003 EG-GICUC
005 20260405170827.0
008 260405s1953 -uk |fr ||| 001 0 eng d
040 _aEG-GiCUC
_beng
_cEG-GiCUC
_dEG-GiCUC
_erda
041 _aeng
082 0 4 _221
_a341.33
_bSE . D
092 0 4 _221
099 _aLaw1 11 341.33 SE . D 1953
100 1 _aSelby, Sir Walford
_eAuthor.
245 1 0 _aDiplomatic Twilight 1930-1940 /
_cBy Sir Walford Selby K.c.m.g., C.b., C.v.o.
264 1 _aLondon :
_bJohn Murray,
_c1953.
300 _a210 pages,
_c24 cm.
_b,
336 _2rda content
_atext
337 _2rda media
_aComputer
338 _2rda carrier
_aOnline Resource
504 _aIncludes bibliographical references and index.
546 _aText in English
650 1 4 _aPublic international law
856 4 0 _uhttps://fll.law.cu.edu.eg/fulltext/bks/B11-08859.pdf
905 _a48
942 _2ddc
_cBK
_e21
_n0
999 _c69063
_d69063